000 02551cam a2200169 4500500
005 20251228051624.0
041 _afre
042 _adc
100 1 0 _aDe Neuter, Patrick
_eauthor
245 0 0 _aÉditorial
260 _c2011.
500 _a7
520 _aRésumé L’adolescence, passage obligé, est une étape de la vie qui n’est pas toujours facile à vivre. Elle nécessite certains réaménagements et remaniements psychiques, identitaires et sexuels, confrontant l’adolescent à de nouvelles réalités. Une telle transition, un tel exil, peut rendre l’adolescent d’autant plus vulnérable lorsque son environnement ne lui offre pas de cadre contenant, soutenant. Dans cette étude, nous nous concentrerons sur des Palestiniens qui ont vécu une adolescence brutale au cœur des atrocités de la guerre et qui ont enduré l’exil dans des camps de réfugiés en Jordanie. Nous nous sommes principalement intéressés aux mécanismes de survie développés dans un tel contexte chaotique, notamment la loyauté et l’espoir du retour. Par cela, nous entendons la loyauté éternelle à la cause palestinienne et l’espoir fervent qu’un jour ils retourneront dans leur pays. Cette loyauté forge des liens d’appartenance tellement forts au sein de la communauté palestinienne que, parfois, peu d’espace subsiste pour vivre l’autonomisation et ses enjeux propres à la période adolescentaire.
520 _aAdolescence in exile, exile of adolescence Adolescence is a difficult and unavoidable stage of life. It demands serious psychic adjustments of identity and sexuality, confronting the adolescent with new realities. Such a sensitive transition can make the adolescent even more vulnerable when their environment offers no support system. In this study we would like to focus on Palestinians who have experienced a brutal adolescence in the atrocities of war and endured exile in Jordanian refugee camps. We are especially interested in the survival mechanisms developed in such a chaotic context, namely loyalty and the hope of return. By this we mean undying loyalty to the Palestinian cause and the fervent hope of one day returning to their homeland. This loyalty forges such strong belonging ties in the Palestinian community that there is no room left for the developmental tasks of adolescence.
786 0 _nCahiers de psychologie clinique | 36 | 1 | 2011-03-15 | p. 7-10 | 1370-074X
856 4 1 _uhttps://shs.cairn.info/revue-cahiers-de-psychologie-clinique-2011-1-page-7?lang=fr&redirect-ssocas=7080
999 _c1581910
_d1581910